[Event "Minsk op"]
[Site "Minsk"]
[Date "2023.11.09"]
[Round "7"]
[White "Hamzovich, Natallia"]
[Black "Belava, Dzmitry"]
[Result "0-1"]
[WhiteElo "1139"]
[BlackElo "1400"]
[PlyCount "32"]
[EventDate "2023.11.03"]
[EventType "swiss"]
[EventRounds "9"]
[EventCountry "BLR"]
[SourceTitle "CB46_2023"]
[SourceDate "2023.11.15"]
[SourceVersion "1"]
[SourceVersionDate "2023.11.15"]
[SourceQuality "1"]

1. d4 Nf6 2. Nf3 e6 3. Bf4 d5 4. Nbd2 c5 5. c3 Nc6 6. e3 Nh5 7. Qc2 Nxf4 8. exf4 g6 9. Bb5 Bd7 10. Ne5 Nxe5 11. Bxd7+ Nxd7 12. Nf3 Bd6 13. Qd2 0-0 14. 0-0 cxd4 15. Qxd4 Qf6 16. Rad1 Qxf4 0-1

[Event "Minsk op"]
[Site "Minsk"]
[Date "2023.11.05"]
[Round "3"]
[White "Maslau, Ivan"]
[Black "Hamzovich, Natallia"]
[Result "1-0"]
[WhiteElo "1334"]
[BlackElo "1139"]
[PlyCount "72"]
[EventDate "2023.11.03"]
[EventType "swiss"]
[EventRounds "9"]
[EventCountry "BLR"]
[SourceTitle "CB46_2023"]
[SourceDate "2023.11.15"]
[SourceVersion "1"]
[SourceVersionDate "2023.11.15"]
[SourceQuality "1"]

1. e4 e6 2. d4 d5 3. Nc3 c5 4. Nf3 Nc6 5. Bb5 Bd7 6. Bxc6 bxc6 7. 0-0 cxd4 8. Qxd4 c5 9. Qd3 a6 10. exd5 exd5 11. Nxd5 Be6 12. Re1 Be7 13. Nxe7 Qxd3 14. cxd3 Nxe7 15. d4 c4 16. Ng5 Bd5 17. Bf4 Rd8 18. Rac1 h6 19. Ne4 0-0 20. Bd6 Rfe8 21. Bxe7 Rxe7 22. Nf6+ Kf8 23. Rxe7 Kxe7 24. Nxd5+ Rxd5 25. Rxc4 a5 26. Kf1 Ke6 27. Ke2 Rb5 28. b3 Kd5 29. Kd3 f5 30. h4 g5 31. hxg5 hxg5 32. Ke3 f4+ 33. Kd3 Ke6 34. Ke4 Kd6 35. Rc5 Rb8 36. Rxa5 Rf8 1-0